000 00511nam a22001937a 4500
003 NUST - PNEC
005 20170116181134.0
008 151007b xxu||||| |||| 00| 0 eng d
020 _a0324319800
020 _a0324319819
040 _cLIBRARY
082 _a658.15 BRI
100 _914181
_aBrigham, Eugene F.
245 _aFundamentals of financial management
_cEugene F. Brigham
250 _aEleventh Edition
260 _cc.2007
650 _914183
_aCorporations--Finance
_xMIS
942 _2ddc
_cBK
999 _c70153
_d70153